000 00601nam a2200205 i 4500
001 C2-0303901
003 PPAK
005 20180728084903.0
008 100408s1993 my |||| ||||| | may d
040 _aPPAK
_beng
_cPPAK
_erda
082 0 4 _a808.02
_223
090 0 0 _a808.02
_bPAN
_dKIH
245 0 0 _aPanduan penulisan saranan penyelidikan di universiti kebangsaan malaysia
264 1 _aKuala Lumpur :
_bUniversiti Kebangsaan Malaysia ,
_c1993
300 _a158 pages ;
_c28 cm
336 _2rdacontent
_atext
337 _2rdamedia
_aunmediated
338 _2rdacarrier
_avolume
942 _ddc
_cB
999 _c107108
_d107108